[Event "22.Deutsche Senioreneinzelmeisterschaft"]
[Site "Berlin-Spandau"]
[Date "2010.08.18"]
[Round "3.140"]
[White "Gunkel, Wolfgang"]
[Black "Paris, Gerhard"]
[Result "1-0"]
[WhiteElo "1558"]
[BlackElo "1351"]
[PlyCount "123"]
[EventDate "2010.08.??"]
[EventType "swiss"]
[EventRounds "9"]
[EventCountry "GER"]
[WhiteTeam "TSG Rot-Weiß Fredersdorf/Vogelsd"]
[BlackTeam "TSG Oberschoeneweide e.V."]

1. d4 Nf6 2. c4 d6 3. Nc3 g6 4. e4 Bg7 5. f3 c6 6. Be3 O-O 7. Qd2 Na6 8. Nge2
Nc7 9. Nf4 a6 10. Be2 b5 11. cxb5 axb5 12. b4 Na6 13. Rb1 Bd7 14. O-O Nc7 15.
Rfd1 e6 16. Nd3 Qc8 17. e5 dxe5 18. Nxe5 Nfd5 {
Es koennte auch Scd5 gewesen sein. Auf beiden Formularen steht nur Sd5.} 19.
Nxd5 Nxd5 20. Bf2 Be8 21. Rdc1 Qa6 22. Rb2 h5 23. Bd1 Kh7 24. Qc2 Bh6 25. Ra1
f6 26. Nd3 Rf7 27. a4 Re7 28. Rba2 Qb6 29. a5 Qa7 30. Qc5 Qxc5 31. dxc5 Nc3 32.
Ra3 Nxd1 33. Rxd1 Bg7 34. Bg3 e5 35. Nf2 g5 36. h4 Bf7 37. Rad3 Bd5 38. Ne4 Kg6
39. Nc3 Bc4 40. Rd6 Ra6 41. Ne4 Be2 42. R1d2 Bc4 43. hxg5 Re6 44. gxf6 Bxf6 45.
Rxe6 Bxe6 46. Rd6 Kf5 47. Nxf6 Kxf6 48. Bh4+ Kf7 49. Bd8 Ra8 50. Bb6 Bd5 51.
Rd7+ Ke6 52. Rh7 Rg8 53. Kf2 e4 54. Rxh5 exf3 55. gxf3 Rf8 56. Rh3 Ke5 57. a6
Kd4 58. a7 Kc4 59. Ba5 Kd3 60. f4+ Ke4 61. Bc7 Rxf4+ 62. Bxf4 1-0

[Event "22.Deutsche Senioreneinzelmeisterschaft"]
[Site "Berlin-Spandau"]
[Date "2010.08.18"]
[Round "3.141"]
[White "Gelzinnus, Siegfried"]
[Black "Deak-Willimsky, Emanuela"]
[Result "1-0"]
[WhiteElo "1557"]
[BlackElo "1280"]
[PlyCount "87"]
[EventDate "2010.08.??"]
[EventType "swiss"]
[EventRounds "9"]
[EventCountry "GER"]
[WhiteTeam "Sfr. Anderssen Wetzlar"]
[BlackTeam "SF Furtwangen-Voehrenbach"]

1. f4 d5 2. Nf3 g6 3. g3 Bg7 4. Bg2 Nf6 5. O-O c5 6. d3 O-O 7. c3 Nc6 8. Nbd2
Ng4 9. Nb3 d4 10. h3 Ne3 11. Bxe3 dxe3 12. Nxc5 b6 13. Nb3 Rb8 14. Qc1 Bb7 15.
Qxe3 a5 16. a4 Na7 17. Nbd4 Bxf3 18. Bxf3 Qd6 19. Nb5 Nxb5 20. axb5 Rbc8 21.
Bc6 f5 22. d4 Rxc6 23. bxc6 Qxc6 24. Qf3 Qc7 25. Qd5+ Kh8 26. e4 fxe4 27. Qxe4
g5 28. Kg2 gxf4 29. Rxf4 Qd8 30. Rxf8+ Qxf8 31. Rf1 Qe8 32. Re1 Bf6 33. d5 Qb5
34. Re2 Qc5 35. Qe6 a4 36. Qc6 Qa5 37. d6 exd6 38. Qxd6 Qa8+ 39. Kh2 Kg7 40.
Rf2 b5 41. Qxf6+ Kg8 42. Qf7+ Kh8 43. Qf8+ Qxf8 44. Rxf8+ 1-0

[Event "22.Deutsche Senioreneinzelmeisterschaft"]
[Site "Berlin-Spandau"]
[Date "2010.08.18"]
[Round "3.142"]
[White "Dittler, Volkfried"]
[Black "Schroeder, Gert"]
[Result "1-0"]
[WhiteElo "1554"]
[BlackElo "1171"]
[PlyCount "55"]
[EventDate "2010.08.??"]
[EventType "swiss"]
[EventRounds "9"]
[EventCountry "GER"]
[WhiteTeam "SK Landau"]
[BlackTeam "SV Koenigsjaeger Sued-West e.V."]

1. d4 d5 2. Nf3 Nf6 3. e3 e6 4. Bd3 Be7 5. O-O Bd7 6. Nbd2 c5 7. c4 Nc6 8. a3
O-O 9. Qe2 Bd6 10. dxc5 Bc7 11. b4 Be5 12. Nxe5 Nxe5 13. Bc2 a6 14. Bb2 Nxc4
15. Nxc4 dxc4 16. Rad1 Nd5 17. Qxc4 Bb5 18. Qd4 f6 19. Rfe1 Qb8 20. Qe4 Kf7 21.
Qxh7 Ne7 22. Qh5+ g6 23. Qh7+ Ke8 24. Bxg6+ Nxg6 25. Qxg6+ Ke7 26. Qg7+ Rf7 27.
Bxf6+ Ke8 28. Qg8+ 1-0

[Event "22.Deutsche Senioreneinzelmeisterschaft"]
[Site "Berlin-Spandau"]
[Date "2010.08.18"]
[Round "3.143"]
[White "Grueneschild, Hildegard"]
[Black "Knaak, Hans"]
[Result "0-1"]
[WhiteElo "1283"]
[BlackElo "1549"]
[PlyCount "155"]
[EventDate "2010.08.??"]
[EventType "swiss"]
[EventRounds "9"]
[EventCountry "GER"]
[WhiteTeam "Schach-Union Muenchen e.V."]
[BlackTeam "Forster SC 95"]

1. c4 Nf6 2. Nc3 d5 3. e3 c6 4. Nf3 g6 5. d4 Bg7 6. cxd5 cxd5 7. Bb5+ Bd7 8.
Be2 a6 9. O-O O-O 10. Ne5 Qc7 11. Bf3 e6 12. Qb3 Ne8 13. Nd3 Nd6 14. Nc5 Bc6
15. g3 Nc4 16. Bg2 Nd7 17. Nxd7 Qxd7 18. Qd1 b5 19. b3 Nd6 20. Ba3 Rfc8 21. Rc1
a5 22. Bxd6 Qxd6 23. a4 bxa4 24. bxa4 Qb4 25. Nb5 Bxb5 26. Rxc8+ Rxc8 27. axb5
Qxb5 28. Qa1 Rb8 29. Qc3 Bf8 30. Qc7 a4 31. e4 dxe4 32. Bxe4 a3 33. Rb1 a2 34.
Ra1 Ra8 35. Qc2 Rd8 36. Rxa2 Bg7 37. Qc7 Rf8 38. Qd6 {=} Qc4 39. Rc2 Qa4 40.
Rd2 Qc4 41. Rc2 Qa4 42. Rd2 e5 43. Bc6 Qa1+ 44. Kg2 exd4 45. Bf3 Qc3 46. Rd1
Re8 47. Bd5 Qc2 48. Qd7 Rf8 49. Re1 d3 50. Re8 Qc5 51. Bxf7+ (51. Qxf7+ Kh8 52.
Qg8+ Rxg8 53. Rxg8#) 51... Kh8 52. Rxf8+ Qxf8 53. Bb3 Qa8+ 54. Kh3 Qf3 55. Qe8+
Qf8 56. Qe3 Qd8 57. Qf3 h5 58. Bd1 Kh7 59. Qe4 Qd7+ 60. g4 d2 61. Kg2 hxg4 62.
Bxg4 d1=Q 63. Bxd1 Qxd1 64. Qh4+ Qh5 65. Qe4 Be5 66. f4 Qg4+ 67. Kf1 Qxf4+ 68.
Qxf4 Bxf4 69. Kg2 Kh6 70. h3 Kg5 71. Kf3 Bd6 72. Kg2 Kh4 73. Kh1 Kxh3 74. Kg1
g5 75. Kh1 g4 76. Kg1 g3 77. Kh1 g2+ 78. Kg1 0-1

[Event "22.Deutsche Senioreneinzelmeisterschaft"]
[Site "Berlin-Spandau"]
[Date "2010.08.18"]
[Round "3.144"]
[White "Aronov, Robert"]
[Black "Ludwig, Egbert"]
[Result "1-0"]
[WhiteElo "1546"]
[BlackElo "1162"]
[PlyCount "119"]
[EventDate "2010.08.??"]
[EventType "swiss"]
[EventRounds "9"]
[EventCountry "GER"]
[WhiteTeam "SV Crailsheim"]
[BlackTeam "Turn- u. SpV Eichholz-Re"]

1. e4 e6 2. d4 d5 3. e5 c5 4. c3 Nc6 5. Nf3 Qb6 6. a3 c4 7. Nbd2 Na5 8. Be2 Bd7
9. O-O Ne7 10. Qe1 Ng6 11. g3 Be7 12. Bd1 O-O 13. Rb1 f6 14. exf6 Bxf6 15. Bc2
Ne7 16. Ne5 Bxe5 17. Qxe5 Nac6 18. Qh5 Nf5 19. g4 Be8 20. Qh3 Nh6 21. Nf3 Bg6
22. Bxg6 hxg6 23. Kg2 Qd8 24. Bxh6 gxh6 25. Qxh6 Qf6 26. Qh3 Qh8 27. Qxh8+ Kxh8
28. Ng5 Rf6 29. Rbe1 Re8 30. f4 Nd8 31. Kg3 Kg7 32. Re2 Nf7 33. Nxf7 Kxf7 34.
Rfe1 b6 35. h4 b5 36. Re5 a6 37. h5 gxh5 38. Rxh5 Rg8 39. Rhe5 Re8 40. f5 a5
41. fxe6+ Rfxe6 42. Rxe6 Rxe6 43. Rxe6 Kxe6 44. Kf4 b4 45. g5 bxa3 46. bxa3 a4
47. Kg4 Ke7 48. Kf5 Kf7 49. g6+ Kg7 50. Kg5 Kg8 51. Kf6 Kf8 52. g7+ Kg8 53. Ke6
Kxg7 54. Kxd5 Kf7 55. Kxc4 Ke6 56. Kb4 Kd5 57. Kxa4 Kc4 58. Ka5 Kd5 59. Kb6 Kd6
60. a4 1-0

[Event "22.Deutsche Senioreneinzelmeisterschaft"]
[Site "Berlin-Spandau"]
[Date "2010.08.18"]
[Round "3.145"]
[White "Melzig, Ernst"]
[Black "Tobi, Kurt"]
[Result "1/2-1/2"]
[WhiteElo "1273"]
[BlackElo "1543"]
[PlyCount "68"]
[EventDate "2010.08.??"]
[EventType "swiss"]
[EventRounds "9"]
[EventCountry "GER"]

1. b4 d5 2. Bb2 Nf6 3. e3 e6 4. b5 g6 5. c4 Bg7 6. cxd5 exd5 7. Nf3 O-O 8. Be2
c6 9. O-O cxb5 10. Ba3 Re8 11. Bxb5 Bd7 12. Bxd7 Qxd7 13. Bb2 Nc6 14. d4 Rac8
15. Nc3 a6 16. Re1 Rc7 17. a3 Qd6 18. h3 Na5 19. Nd2 Nc4 20. Nxc4 Rxc4 21. Rc1
b5 22. Qd3 Rec8 23. Ne2 Ne4 24. Rxc4 Rxc4 25. Rc1 Rxc1+ 26. Nxc1 Qc6 27. Nb3 f5
28. g3 Qc7 29. Kg2 Bf8 30. Nd2 Bd6 31. Nxe4 fxe4 32. Qe2 Qc4 33. Qg4 Bf8 34.
Qe6+ Kh8 1/2-1/2

[Event "22.Deutsche Senioreneinzelmeisterschaft"]
[Site "Berlin-Spandau"]
[Date "2010.08.18"]
[Round "3.146"]
[White "Kunze, Manfred"]
[Black "Stoetzer, Juergen"]
[Result "1-0"]
[WhiteElo "1540"]
[BlackElo "1127"]
[PlyCount "85"]
[EventDate "2010.08.??"]
[EventType "swiss"]
[EventRounds "9"]
[EventCountry "GER"]

1. c4 c5 2. Nc3 Nc6 3. Nf3 d6 4. g3 e5 5. Bg2 f5 6. e3 Nf6 7. d3 Be7 8. a3 O-O
9. Nd5 h6 10. Nh4 Qe8 11. Nc7 Qf7 12. Nxa8 Bd8 13. Rb1 Qe8 14. Bd2 b6 15. b4 g5
16. Nf3 Qd7 17. Bc3 Bb7 18. Nxb6 axb6 19. O-O Ne7 20. Ne1 Bxg2 21. Nxg2 Ng6 22.
d4 e4 23. dxc5 dxc5 24. Qxd7 Nxd7 25. Rfd1 Nde5 26. bxc5 Bf6 27. Bd4 Nf3+ 28.
Kh1 Nxd4 29. exd4 bxc5 30. dxc5 Rc8 31. Rd6 Kf7 32. Rbb6 Be5 33. Rxg6 Rd8 34.
Ne3 Rd3 35. Rxh6 f4 36. Ng4 Bg7 37. Rhc6 Rxa3 38. Rc7+ Kg8 39. Rg6 Kf8 40.
Rgxg7 f3 41. Rgf7+ Ke8 42. Nf6+ Kd8 43. Rfd7# 1-0

[Event "22.Deutsche Senioreneinzelmeisterschaft"]
[Site "Berlin-Spandau"]
[Date "2010.08.18"]
[Round "3.147"]
[White "Heyne, Klaus"]
[Black "Hirr, Rudi"]
[Result "0-1"]
[WhiteElo "1170"]
[BlackElo "1534"]
[PlyCount "52"]
[EventDate "2010.08.??"]
[EventType "swiss"]
[EventRounds "9"]
[EventCountry "GER"]
[WhiteTeam "SV Berolina Mitte e.V."]
[BlackTeam "SG Gruen-Weiß Baumschulenweg e.V."]

1. d4 Nf6 2. c4 e6 3. Nc3 Bb4 4. Bd2 O-O 5. Nf3 Re8 6. e3 d5 7. c5 Nbd7 8. a3
Bxc3 9. Bxc3 Ne4 10. Bd3 Nxc3 11. bxc3 e5 12. dxe5 Nxe5 13. Nxe5 Rxe5 14. O-O
Qe7 15. Qb3 Qxc5 16. Qb4 Qxb4 17. cxb4 c6 18. Rae1 Bd7 19. f4 Re7 20. f5 Rae8
21. f6 Rxe3 22. Rxe3 Rxe3 23. Bb1 gxf6 24. Bxh7+ Kxh7 25. Rxf6 Kg7 26. Rd6 Be6
0-1

[Event "22.Deutsche Senioreneinzelmeisterschaft"]
[Site "Berlin-Spandau"]
[Date "2010.08.18"]
[Round "3.148"]
[White "Radloff, Rainer"]
[Black "Wiebke, Elfriede"]
[Result "1-0"]
[WhiteElo "1516"]
[BlackElo "1050"]
[PlyCount "61"]
[EventDate "2010.08.??"]
[EventType "swiss"]
[EventRounds "9"]
[EventCountry "GER"]
[WhiteTeam "SC Weisse Dame e.V."]
[BlackTeam "SV 90 Havelberg e. V."]

1. Nf3 Nc6 2. d4 d5 3. e3 e6 4. c4 Nf6 5. Nc3 Bb4 6. Bd2 Bxc3 7. Bxc3 Ne4 8.
Rc1 O-O 9. cxd5 Nxc3 10. Rxc3 exd5 11. a3 Re8 12. Bd3 Bg4 13. h3 Bxf3 14. Qxf3
Re7 15. O-O Qd7 16. Rfc1 a6 17. Rc5 Re5 18. dxe5 Nxe5 19. Qf5 c6 20. Qxe5 Re8
21. Qf5 Qd8 22. Qxh7+ Kf8 23. Qh8+ Ke7 24. Qxg7 Rg8 25. Qe5+ Kf8 26. Bxa6 Rg5
27. Qh8+ Rg8 28. Qh6+ Rg7 29. Bxb7 Kg8 30. Rxc6 d4 31. Rc8 1-0

[Event "22.Deutsche Senioreneinzelmeisterschaft"]
[Site "Berlin-Spandau"]
[Date "2010.08.18"]
[Round "3.149"]
[White "Vatterodt, Klaus"]
[Black "Wegmann, Bernard"]
[Result "0-1"]
[WhiteElo "1136"]
[BlackElo "1513"]
[PlyCount "61"]
[EventDate "2010.08.??"]
[EventType "swiss"]
[EventRounds "9"]
[EventCountry "GER"]

1. e4 c5 2. c4 Nc6 3. b3 d6 4. g3 Nf6 5. d3 a6 6. Nf3 Bg4 7. Bb2 e6 8. Nbd2 Be7
9. Bg2 Qc7 10. Qc1 Rd8 11. O-O O-O 12. a3 Bh5 13. Re1 Ne5 14. Bxe5 dxe5 15. Qc3
Nd7 16. Rad1 Nb8 17. Nb1 Nc6 18. Rd2 Rd7 19. Re3 Nd4 20. Ra2 Bxf3 21. Bxf3 Bg5
22. Nd2 Bxe3 23. fxe3 Nc6 24. Bg2 Qd8 25. Nf3 Rxd3 26. Qb2 Rxe3 27. Nd2 Nd4 28.
Ra1 Re2 29. Kf1 Qf6+ 30. Kg1 Qf2+ 31. Kh1 0-1